000 00599nam a2200229Ia 4500
003 OSt
005 20220928124004.0
006 a|||||r|||| 00| 0
007 ta
008 220927b |||||||| |||| 00| 0 eng d
024 _a108369
037 _cTextual
040 _aSDCL
_cSDCL
_beng
041 _2eng
_aeng
082 _aO:g(R), K91
100 _aBurke Kenneth
_9463043
245 0 _aRhetoric of motives
260 _aLondon
_bUniversity of california press
_c1969
300 _axv,340p.
_ccm.
942 _hO:g(R), K91
_cTEXL
_2CC
999 _c775987
_d775987